| 000 | 01372nam a2200373 c 4500 | ||
|---|---|---|---|
| 001 | 58268 | ||
| 003 | CO-BoRNBP | ||
| 005 | 20250820215727.0 | ||
| 007 | ta | ||
| 008 | 231207s2023 ck a|||ar ||| 00| 1 spa d | ||
| 020 | _a9789583068058 | ||
| 040 |
_aCO-BoRNBP _bspa _erda _cCO-BoRNBP |
||
| 041 | 1 |
_aspa _hpor |
|
| 043 | _as-ck--- | ||
| 084 | _aC | ||
| 100 |
_aAndrade Barbosa, Rogério, _d1947- _eaut |
||
| 245 | 1 | 0 |
_aDanite y el león : _bun cuento de las montañas de Etiopía / _cRogéiro Andrade Barbosa ; ilustraciones de Cica Fittipaldi ; traducción Juan Fernando Merino. |
| 250 | _aEdición Especial | ||
| 264 | 1 |
_aBogotá, Colombia : _bPanamericana Editorial, _c2023 |
|
| 300 |
_a26 páginas : _bilustraciones a color |
||
| 336 |
_atexto _btxt _2rdacontent |
||
| 337 |
_asin mediación _bn _2rdamedia |
||
| 338 |
_avolumen _bnc _2rdacarrier |
||
| 521 | _aRecomendado para un público infantil a partir de los 6 años | ||
| 534 | _tUm conto das montanhas de Etiópia | ||
| 650 | 0 | 4 |
_aCuentos infantiles brasileños _vsiglo xx _2LEMB |
| 650 | 0 | 7 |
_aEmociones en la literatura _2LEMB _9891 |
| 650 | 0 | 7 |
_aHistorias de aventuras _2LEMB _9870 |
| 650 | 0 | 4 |
_aLiteratura infantil brasileña _2LEMB _91010 |
| 650 | 0 | 7 |
_aMadrastras en la literatura _2lemb _958334 |
| 700 |
_aFittipaldi, Cica _958335 |
||
| 700 |
_aMerino, Juan Fernando _etrl _92728 |
||
| 942 |
_2loc _cBKLITI |
||
| 999 |
_c58268 _d58268 |
||